Whither India? A Gandhi marg symposium (Record no. 366309)

000 -LEADER
fixed length control field 00364cam a22001217a 4500
008 - FIXED-LENGTH DATA ELEMENTS--GENERAL INFORMATION
fixed length control field 180718b1962 xxu||||| |||| 00| 0 eng d
082 ## - DEWEY DECIMAL CLASSIFICATION NUMBER
Classification number F5x54 G151w
100 ## - MAIN ENTRY--PERSONAL NAME
Personal name Gandhi, Marg
245 ## - TITLE STATEMENT
Title Whither India? A Gandhi marg symposium
Statement of responsibility, etc. by Marg Gandhi
260 ## - PUBLICATION, DISTRIBUTION, ETC.
Place of publication, distribution, etc. Delhi
Name of publisher, distributor, etc. Gandhi Smarak Nidhi
Date of publication, distribution, etc. 1962
300 ## - PHYSICAL DESCRIPTION
Extent 102p.
650 ## - SUBJECT ADDED ENTRY--TOPICAL TERM
Topical term or geographic name entry element India --Politics and government --1947-
Holdings
Withdrawn status Lost status Damaged status Not for loan Permanent Location Current Location Date acquired Full call number Barcode Date last seen Price effective from Koha item type
        Indian Institute of Public Administration Indian Institute of Public Administration 1994-05-02 F5x54 G151w 33231 2018-07-21 2018-07-21 Book

Powered by Koha